LEADER 01610nam 2200433 450 001 000016639 005 20050718115600.0 010 $a0-486-61226-0 100 $a20030918d1970----km-y0itay0103----ba 101 0 $aeng 102 $aUS 200 1 $aIntroductory real analysis$fA. N. Kolmogorov, S. V. Fomin$gtranslated and edited by Richard A. Silverman 205 $aRev. English ed. 210 $aNew York$cDover$dc1970 215 $aXII, 403 p.$cill.$d21 cm. 225 2 $aDover books on advanced mathematics 410 0$12001$aDover books on advanced mathematics 606 $aAnalisi matematica 676 $a515$v(21. ed.)$9Analisi 691 $a46Axx$9Functional analysis. Topological linear spaces and related structures 691 $a54-01$9General topology. Instructional exposition (textbooks, tutorial papers, etc.) 700 1$aKolmogorov,$bAndrej N.$0439532 701 1$aFomin,$bSergej V.$012933 702 1$aSilverman,$bRichard A. 801 0$aIT$bUniversità della Basilicata - B.I.A.$gRICA$2unimarc 912 $a000016639 996 $aIntroductory real analysis$981638 997 $aUNIBAS BAS $aMONSCI BAS $aSCIENZE CAT $aEXT003$b01$c20030918$lBAS01$h1625 CAT $aEXT003$b01$c20030918$lBAS01$h1627 CAT $c20050601$lBAS01$h1755 CAT $abatch$b01$c20050718$lBAS01$h1053 CAT $c20050718$lBAS01$h1112 CAT $c20050718$lBAS01$h1142 CAT $c20050718$lBAS01$h1156 FMT Z30 -1$lBAS01$LBAS01$mBOOK$1BASA2$APolo Tecnico-Scientifico$2GEN$BCollezione generale$3MAT$6949$5S949$820030918$f51$FRiservati LEADER 01284nam 2200313Ia 450 001 996387544203316 005 20221108044706.0 035 $a(CKB)4940000000086776 035 $a(EEBO)2240891351 035 $a(OCoLC)49521004 035 $a(EXLCZ)994940000000086776 100 $a20020404d1697 uy 0 101 0 $alat 135 $aurbn||||a|bb| 200 10$aOfficina chymica Londinensis. Sive, Exacta notitia medicamentorum spagyricorum$b[electronic resource] $equae apud aulam societatis pharmaceuticae Londin. praeparantur, & venalia prostant : consilio pharmacopoerum & approbatione Collegii Medicorum Londinensium exhibitum /$fopera & studio Nicolai Staphorst .. 210 $aLondoni, $cProstant venales apud D. Brown ...$d1697 215 $a[9], 145, [29] p 300 $aIncludes index on [29] p. at end. 300 $aReproduction of original in: Wellcome Institute for the History of Medicine. Library. 330 $aeebo-0186 606 $aChemistry$vEarly works to 1800 615 0$aChemistry 700 $aStaphorst$b Nicolaus$f1679-1731.$01008046 801 0$bEAE 801 1$bEAE 906 $aBOOK 912 $a996387544203316 996 $aOfficina chymica Londinensis. Sive, Exacta notitia medicamentorum spagyricorum$92353104 997 $aUNISA